Bilecik Bilecik Bilecik Bilecik Bilecik

Üsküdarlı meşhurlar ansiklopedisi/ (Record no. 40323)

MARC details
000 -BAŞLIK
Sabit Uzunluktaki Kontrol Alanı 01173nam a22003017a 4500
001 - KONTROL NUMARASI
Control Dosyası 0040446
003 - KONTROL NUMARASI KİMLİĞİ
Kontrol Alanı KOHA_MİRAKIL
005 - EN SON İŞLEM TARİHİ ve ZAMANI
Kontrol Alanı 20260207003201.0
007 - FİZİKSEL TANIM SABİT ALAN - GENEL BİLGİ
Sabit uzunluklu kontrol alanı ta
008 - SABİT UZUNLUKTAKİ VERİ ÖGELERİ - GENEL BİLGİ
Sabit Alan 130717b2012 tu |||gre|||#0|||0|tur |
020 ## - ISBN - ULUSLARARASI STANDART KİTAP NUMARASI
Isbn 9786056059438
040 ## - KATALOGLAMA KAYNAĞI
Özgün Kataloglama Kurumu TR-BiSEU
Kataloglama Dili tur
Çeviri Kurumu TR-BiSEU
Açıklama Kuralları rda
041 0# - DİL KODU
Metin ya da ses kaydının dil kodu tur
044 ## - YAYINLAYAN/ÜRETEN KURULUŞUN ÜLKE KODU
ISO country code tu
050 ## - SINIFLAMA ve YER NUMARASI
Sınıflama Numarası CT103
Yer Numarası .U85 2012
245 0# - ESER ADI BİLDİRİMİ
Başlık Üsküdarlı meşhurlar ansiklopedisi/
Sorumluluk Bildirimi Editör Alim Kahraman ; proje koordinatörü Ali Yücel Yürük ; genel yönetmen Hasan Ekmen.
264 #1 - ÜRERİM, YAYIN, DAĞITIM ve TELİF BİLDİRİMİ
Yayın yeri İstanbul :
Yayınlayan Üsküdar Belediye Başkanlığı Kültür ve Sosyal İşler Müdürlüğü
Yayın tarihi 2012
300 ## - FİZİKSEL TANIMLAMA
Sayfa, Cilt vb. 406 sayfa: fotoğraf, resimli, belge ;
Boyutları 34 cm.
336 ## - İÇERİK TÜRÜ
Content type term metin
Content type code txt
Source rdacontent
337 ## - MEDYA TÜRÜ
Media type term aracısız
Media type code n
Source rdamedia
338 ## - TAŞIYICI TÜRÜ
Carrier type term cilt
Carrier type code nc
Source rdacarrier
490 1# - DİZİ BİLDİRİMİ
Dizi Bildirimi Üsküdar Belediye Başkanlığı Kültür ve Sosyal İşler Müdürlüğü kültür yayınları;23
500 ## - GENEL NOT
Genel Not Bibliyografya var.
650 #0 - KONU BAŞLIĞI EK GİRİŞ - KONU TERİMİ
Konusal terim veya coğrafi ad Meşhurlar--Üsküdar (İstanbul).
9 (RLIN) 74922
830 1# - SERİ EK GİRİŞİ - TEKBİÇİM ESER ADI
Tekbiçim Başlık Üsküdar Belediye Başkanlığı Kültür ve Sosyal İşler Müdürlüğü kültür yayınları;23
9 (RLIN) 74923
907 ## - LOCAL DATA ELEMENT G, LDG (RLIN)
a Ansiklopedi
942 ## - EK GİRİŞ ÖGELERİ (KOHA)
Source of classification or shelving scheme Library of Congress Classification
Koha item type Book
Holdings
Materyal Türü Kalıcı Konum Mevcut Konum Raf Yeri Koleksiyon Kodu Sınıflandırma Kaynağı Edinim Bilgisi Ana Konular Alt Konular Yer Numarası Demirbaş Numarası Fatura Tarihi Geri Çekilme Durumu Kayıp Durumu Hasarlı Durumu Kredi için değil Kayıt Tarih Toplam Ödünçverme Son Görülme Tarihi Son Kontrol Tarihi Genel / Bağış Notu
Danışma Kaynakları Prof. Dr. Azmi Özcan Kütüphanesi Prof. Dr. Azmi Özcan Kütüphanesi Uluğbey Salonu Referans Library of Congress Classification Bağış TARİHE YARDIMCI BİLİMLER Biyografi CT103 .U85 2012 0040446 02/02/2026       Ödünç verilmez 17/07/2013   05/12/2024 05/12/2024 Genel Bağış